| 000 | 00468nam a2200193Ia 4500 | ||
|---|---|---|---|
| 005 | 20240823020415.0 | ||
| 008 | 240823s9999||||xx |||||||||||||| ||und|| | ||
| 020 | _a0-7487-4043-0 | ||
| 041 | _aENGLISH | ||
| 082 | _A620.106 P1 | ||
| 100 | _a"Massey,Bernard et al." | ||
| 245 | 0 | _aMechanics of Fluids | |
| 250 | _a7th | ||
| 260 |
_c2001 _b"Nelson,New" |
||
| 500 | _aYES | ||
| 650 |
_aFluid Mechanics _bAeronautical Engineering |
||
| 942 | _cBK | ||
| 999 |
_c174679 _d174679 |
||